000 00608nam a2200229Ia 4500
003 OSt
005 20220918192550.0
006 a|||||r|||| 00| 0
007 ta
008 220917b |||||||| |||| 00| 0 eng d
024 _a69,046
037 _cTextual
040 _aARTS
_cARTS
_beng
041 _2eng
_aeng
082 _aR3:Q:352, H7
100 _aLaird John
245 0 _aOn human freedom
260 _c1947
490 _aUniversity of Liverspool , forwood lectures on the philosophy of religion , 1945
942 _hR3:Q:352, H7
_cTEXL
_2CC
999 _c195209
_d195209